01235cam a2200229 a 450000100060000000300080000600500170001400800410003102000230007203500190009503500140011403500110012804000250013904100080016408200260017224500720019826000570027030000380032750505650036565000350093071000400096513692BD-RjUL20211208235510.0140201s1976 au r i00000 eng d a920152076X (v. 10) a(BD-RjUL)13744 a(BD-RjUL) a109781 aWUcWUbengdBD-RjUL aeng1 a621.483219bDIR 197600aDirectory of nuclear reactors /nV-10pPower and Research Reactors. aVienna :bInternational Atomic Energy Agency,c1976. axxvii, 402 p. :c30 cm.billus. ;1 av. 1. Power reactors -- v. 2. Research, test and experimental reactors -- v. 3. Research, test and experimental reactors (continuation and suppl. to v. 2) -- v. 4. Power reactors (revised and supplemented ed. of v. 1) -- v. 5. Research, test and experimental reactors (suppl. to v. 2, 3) -- v. 6. Research, test and experimental reactors (suppl. to v. 2, 3, 5) -- v. 7. Power reactors (suppl. to v. 4) -- v. 8. Research, test and experimental reactors (suppl. to v. 2, 3, 5, 6) -- v. 9. Power reactors (suppl. to v. 4, 7) -- v. 10. Power and research reactors. 0aNuclear reactorsxDirectories.2 aInternational Atomic Energy Agency.